Statistics for Top 10 MLB Teams by Cumulative Win Total, 2001 - 2020

Click here to take the quiz!

General Stats

  • This quiz has been taken 57 times
  • The average score is 9 of 10

Answer Stats

Win TotalTeamDivision% Correct
1,832New York YankeesAL East
100%
1,731Boston Red SoxAL East
94%
1,738Los Angeles DodgersNL West
94%
1,674Oakland AthleticsAL West
94%
1,747St. Louis CardinalsNL Central
94%
1,675Atlanta BravesNL East
91%
1,608San Francisco GiantsNL West
89%
1,666Los Angeles AngelsAL West
87%
1,600Philadelphia PhilliesNL East
85%
1,616Cleveland GuardiansAL Central
83%

Score Distribution

Percentile by Number Answered

Percent of People with Each Score

Your Score History

You have not taken this quiz